<?xml version="1.0" encoding="UTF-8"?>
<record
    xmlns:xsi="http://www.w3.org/2001/XMLSchema-instance"
    xsi:schemaLocation="http://www.loc.gov/MARC21/slim http://www.loc.gov/standards/marcxml/schema/MARC21slim.xsd"
    xmlns="http://www.loc.gov/MARC21/slim">

  <leader>01214    a2200217   4500</leader>
  <controlfield tag="001">60404</controlfield>
  <controlfield tag="005">20260407155855.0</controlfield>
  <controlfield tag="008">260407a1999    arg                 spa d</controlfield>
  <controlfield tag="003">AR-UNSa-BCEJYS</controlfield>
  <datafield tag="040" ind1=" " ind2=" ">
    <subfield code="a">AR-UNSa-BCEJYS</subfield>
    <subfield code="b">spa</subfield>
    <subfield code="c">AR-UNSa-BCEJYS</subfield>
  </datafield>
  <datafield tag="080" ind1=" " ind2=" ">
    <subfield code="a">321.01</subfield>
    <subfield code="x">Teor&#xED;a general del Estado. Teor&#xED;a y filosof&#xED;a del poder. Estado y territorio. Autoridad y oposici&#xF3;n. Usurpaci&#xF3;n (Filosof&#xED;a pol&#xED;tica)</subfield>
  </datafield>
  <datafield tag="245" ind1="1" ind2="0">
    <subfield code="a">Introducci&#xF3;n a la filosof&#xED;a pol&#xED;tica</subfield>
    <subfield code="p">Democracia y revoluc&#xED;&#xF3;n</subfield>
  </datafield>
  <datafield tag="020" ind1=" " ind2=" ">
    <subfield code="a">978-84-493-0679-2</subfield>
  </datafield>
  <datafield tag="264" ind1=" " ind2="1">
    <subfield code="a">Barcelona :</subfield>
    <subfield code="b">Paid&#xF3;s</subfield>
    <subfield code="c">1999</subfield>
  </datafield>
  <datafield tag="300" ind1=" " ind2=" ">
    <subfield code="a">286 p.</subfield>
    <subfield code="c">20 cm.</subfield>
  </datafield>
  <datafield tag="505" ind1=" " ind2=" ">
    <subfield code="a">1. Tentativa de definici&#xF3;n de la democracia - 2. Ideas y realidades democr&#xE1;ticas &#x2013; 3. La inestabilidad de las democracias. Sus causas &#x2013; 4. Corrupci&#xF3;n de las democracias &#x2013; 5. La acci&#xF3;n propia del sistema de competici&#xF3;n &#x2013; 6. Los m&#xE9;ritos y los inconvenientes del sistema democr&#xE1;tico &#x2013; 7. Las ideas fundamentales de la doctrina marxista &#x2013; 8. La transformaci&#xF3;n del marxismo en milenarismo &#x2013; 9. Las instituciones de las democracias populares &#x2013; 10. Democracia y revoluci&#xF3;n - </subfield>
  </datafield>
  <datafield tag="041" ind1=" " ind2=" ">
    <subfield code="a">spa</subfield>
  </datafield>
  <datafield tag="942" ind1=" " ind2=" ">
    <subfield code="c">BK</subfield>
  </datafield>
  <datafield tag="590" ind1=" " ind2=" ">
    <subfield code="a">niveau_biblio:m niveau_hierar:0</subfield>
  </datafield>
  <datafield tag="100" ind1="1" ind2=" ">
    <subfield code="a">Aron, Raymond</subfield>
  </datafield>
  <datafield tag="999" ind1=" " ind2=" ">
    <subfield code="c">6972</subfield>
    <subfield code="d">6972</subfield>
  </datafield>
  <datafield tag="952" ind1=" " ind2=" ">
    <subfield code="0">0</subfield>
    <subfield code="1">0</subfield>
    <subfield code="4">0</subfield>
    <subfield code="7">0</subfield>
    <subfield code="a">BCEJYS</subfield>
    <subfield code="b">BCEJYS</subfield>
    <subfield code="c">16</subfield>
    <subfield code="d">2026-04-07</subfield>
    <subfield code="l">0</subfield>
    <subfield code="o">321.01 A769</subfield>
    <subfield code="p">L129159</subfield>
    <subfield code="r">2026-04-07 15:58:55</subfield>
    <subfield code="w">2026-04-07</subfield>
    <subfield code="y">L</subfield>
    <subfield code="z">RESALTADOR - L&#xC1;PIZ - </subfield>
  </datafield>
</record>
